| 000 | 00444nam a2200193Ia 4500 | ||
|---|---|---|---|
| 999 |
_c47246 _d47246 |
||
| 003 | 0100 | ||
| 005 | 20171017112714.0 | ||
| 008 | 130303s9999 xx 000 0 und d | ||
| 020 | _a0895550814 | ||
| 040 | _cARRUPELIB | ||
| 050 | _aB765.T54G5 | ||
| 100 |
_aGlenn, Paul J _937155 |
||
| 245 | 2 | _aA tour of the Summa | |
| 260 | _aRockford, Illinois | ||
| 260 | _bTan Books and Publishers | ||
| 300 | _a466p. | ||
| 300 | _b 21cm. | ||
| 600 |
_aThomas Aquinas, St. Summa theologiae _937142 |
||
| 942 |
_2lcc _cMONOGRAPH |
||